| 000 | 01092cam a2200301 i 4500 | ||
|---|---|---|---|
| 001 | 19270631 | ||
| 003 | OSt | ||
| 005 | 20231005150357.0 | ||
| 008 | 160825s2017 miu b 001 0 eng c | ||
| 010 | _a 2016039056 | ||
| 020 | _a9780310524175 (hardcover) | ||
| 040 |
_aNcWfSB/DLC _beng _cNcWfSB _erda _dDLC |
||
| 042 | _apcc | ||
| 050 | 0 | 0 |
_aBS476 _b.K545 2017 |
| 082 | 0 | 0 |
_a220.601 _223 |
| 100 | 1 |
_aKlein, William W. _q(William Wade), _eauthor _955358 |
|
| 245 | 1 | 0 |
_aIntroduction to biblical interpretation / _cWilliam W. Klein, Craig L. Blomberg, Robert L. Hubbard, Jr. |
| 250 | _aThird edition. | ||
| 260 |
_aGrand Rapids, MI : _bZondervan Academic, _cc2017. |
||
| 300 |
_a718 pages ; _c24 cm |
||
| 504 | _aIncludes bibliography and indexes. | ||
| 630 | 0 | 0 |
_aBible _xHermeneutics. |
| 700 | 1 |
_aBlomberg, Craig L., _d1955- _eauthor. _955359 |
|
| 700 | 1 |
_aHubbard, Robert L., _cJr., _d1943- _eauthor. _955360 |
|
| 906 |
_a7 _bcbc _corignew _d1 _eecip _f20 _gy-gencatlg |
||
| 942 |
_2lcc _cBK |
||
| 999 |
_c67689 _d67663 |
||